000 00587nam a2200217 a 4500
999 _c3957
_d3957
001 3957
003 BD-JhCC
005 20171119211907.0
008 171119s1967 enka|||| ||a| 00| 0 eng d
035 _a(BD-JhCC)3957
040 _aBD-JhCC
_dBD-JhCC
041 _aeng
082 _a591.0724
_bSPO 1967
100 _aSpoczynska, Joy O. I.
245 _aPractical Fieldwork for the Young Naturalist /
_cJoy O. I. Spoczynska
260 _aBratain :
_bFrederick Muller,
_c1967.
300 _a143 p. :
_bills;
_c22 cm.
650 _aBiology Field Work
942 _2ddc
_cBK